1891 1448 1974 1353 1403 1880 1134 1376 1388 1802 1993 1703 1826 1122 1160 1023 1006 1558 1358 1371 1573 1044 1148 1849 1453 1953 1095 1929 1498 1319 1157 1710 1814 1143 1180 1933 1764 1461 1396 1449 1962 1294 1058 1978 1274 1215 1639 1595 1194 1624 1252 1127 1532 1929 1899 1778 1781 1917 1295 1395 1189 2000 1537 1280 1332 1105 1460 1600 1821 1921 1907 1580 1772 1525 1390 1636 1531 1407 1229 1799 1592 1145 1136 1043 1273 1678 1664 1867 1754 1502 1312 1723 1773 1912 1818 1564 1615 1461 1455 BCNSPRNW ULIB Ver.6.0+V

เปลี่ยนเป็นภาษาไทย

Change to English
 แสดงรายละเอียดบรรณานุกรม
  กลับหน้าหลัก

Brief Record : Get Marc (ISO 2709) : E-mail record : QR code < ปิดหน้าต่าง
LEADER : 00000nam 2200000uu 4500
001    13399114855
003     ULIB
008    020711s2546 th a 000 0 tha d
099    ^aวจ.WY155^bจ423ป
245    ^aประสบการณ์การดูแลตนเอง
260    ^a ^bม.ป.ท.,^c2546
945    ^p0^l0^i018353
999    ^aวรรณษา ชูชัยมงคล
รายการนี้ยังไม่มีแท็ก
คุณยังไม่ได้ล็อกอิน คุณสามารถมีกิจกรรมร่วมกับเว็บไซต์ได้ แต่ต้องล็อกอินก่อน ::
  ล็อกอิน

รายการสื่อสารสนเทศ

ลำดับที่ ประเภท เลขเรียก/บาร์โค้ด สถานที่ สถานะ
1. งานวิจัย
งานวิจัย
วจ.WY155 จ423ป ฉ.1 
  Barcode: 018353
ห้องสมุดวิทยาเขตสวรรค์ประชารักษ์
►วิจัย
บนชั้น

รายการใกล้เคียง
    ผู้แต่ง []

BibComment


ยังไม่เคยถูกคอมเมนท์

คอมเมนท์ทรัพยากรรายการนี้
  คอมเมนท์: ประสบการณ์การดูแ..


 Copyright 2026. Bcnsprnw @Library